Statistics for Biggest U.S. Car Insurance Companies

Click here to take the quiz!

General Stats

  • This quiz has been taken 5,081 times
  • The average score is 5 of 10

Answer Stats

%Company% Correct
11.4Geico
91%
18.3State Farm
82%
10.0Allstate
75%
8.8Progressive
67%
5.3Farmers
56%
5.0Liberty Mutual
44%
3.7Nationwide
40%
5.0USAA
33%
1.7Travelers
23%
1.9American Family
19%

Score Distribution

Percentile by Number Answered

Percent of People with Each Score

Your Score History

You have not taken this quiz